Laboratory Fundamentals of Microbiology (Record no. 544)

MARC details
000 -LEADER
fixed length control field 00496nam a22001937a 4500
003 - CONTROL NUMBER IDENTIFIER
control field OSt
005 - DATE AND TIME OF LATEST TRANSACTION
control field 20190821165116.0
008 - FIXED-LENGTH DATA ELEMENTS--GENERAL INFORMATION
fixed length control field 141021b xxu||||| |||| 00| 0 eng d
020 ## - INTERNATIONAL STANDARD BOOK NUMBER
International Standard Book Number 0805305343
040 ## - CATALOGING SOURCE
Transcribing agency DDC
082 ## - DEWEY DECIMAL CLASSIFICATION NUMBER
Classification number QW 4 A18l 1997
100 ## - MAIN ENTRY--PERSONAL NAME
Personal name Alcamo I.E.
9 (RLIN) 12860
245 ## - TITLE STATEMENT
Title Laboratory Fundamentals of Microbiology
260 ## - PUBLICATION, DISTRIBUTION, ETC. (IMPRINT)
Place of publication, distribution, etc. California;
Name of publisher, distributor, etc. Pearson,
Date of publication, distribution, etc. 1997
300 ## - PHYSICAL DESCRIPTION
Extent xii, 301 p :
Other physical details ill ;
Dimensions 30 cm
504 ## - BIBLIOGRAPHY, ETC. NOTE
Bibliography, etc includes index
650 ## - SUBJECT ADDED ENTRY--TOPICAL TERM
Topical term or geographic name as entry element Microbiology
9 (RLIN) 749
942 ## - ADDED ENTRY ELEMENTS (KOHA)
Source of classification or shelving scheme Other/Generic Classification Scheme
Koha item type Short Loan
Holdings
Withdrawn status Lost status Source of classification or shelving scheme Damaged status Not for loan Home library Current library Date acquired Source of acquisition Inventory number Total Checkouts Full call number Barcode Date last seen Price effective from Koha item type
    Other/Generic Classification Scheme     MUST Main Library MUST Main Library 21/10/2014   2008/30144   QW 4 A18l 1997 2014-3055 21/10/2014 21/10/2014 Short Loan
    Other/Generic Classification Scheme     MUST Main Library MUST Main Library 21/10/2014   2008/30143   QW 4 A18l 1997 2014-3056 21/10/2014 21/10/2014 Short Loan
    Dewey Decimal Classification     MUST Main Library MUST Main Library 26/05/2016   2008/30142   QW 4 A18l 1997 2016-2150 26/05/2016 26/05/2016 Short Loan